000
00219nam a22000857a 4500
008
170620b xxu||||| |||| 00| 0 eng d
100
_9
3536
_a
Dahanukar. U. T. S
245
_a
A Drog is born
260
_a
New Delhi
_b
N. B. T
_c
2007
999
_c
6921
_d
6921